[Event "37th Belgrade Trophy 2024"]
[Site "Belgrade"]
[Date "2024.11.25"]
[Round "3.3"]
[White "Bryakin, Mikhail"]
[Black "Chelushkina, Irina"]
[Result "1-0"]
[WhiteElo "2435"]
[BlackElo "2141"]
[Annotator "TA"]
[PlyCount "45"]
[EventDate "2024.11.23"]
[EventCountry "SRB"]
[SourceTitle "playchess.com"]
[Source "ChessBase"]
[SourceQuality "1"]
[TimeControl "40/5400+30:900+30"]

{[%evp 10,45,20,-12,37,29,72,68,76,76,77,72,134,128,147,148,144,138,159,142,140,145,181,187,206,191,245,300,278,284,295,305,303,305,320,331,330,312]} 1. d4 {[%emt 0:00:02]} Nf6 {[%emt 0:02:32]} 2. c4 {[%emt 0:00:10]} e6 {[%emt 0:00:03]} 3. Nc3 {[%emt 0:00:39]} d5 {[%emt 0:00:43]} 4. Nf3 {[%emt 0:01:47]} c6 {[%emt 0:02:13]} 5. Bg5 {[%emt 0:01:01]} h6 {[%emt 0:00:21]} 6. Bh4 {[%emt 0:01:21]} a6 {[%emt 0:04:35]} (6... dxc4 $11 7. e4 g5) 7. e3 $14 {[%emt 0:01:41]} b5 {[%emt 0:00:04]} 8. c5 {[%emt 0:03:31]} Nbd7 {[%emt 0:01:18] White is slightly better.} 9. Bd3 {[%emt 0:04:18]} Be7 {[%emt 0:00:42]} 10. O-O {[%emt 0:02:20] White is more active.} b4 {[%emt 0:07:40]} (10... a5 $142) 11. Ne2 $16 {[%emt 0:01:45]} Qc7 {[%emt 0:07:41]} 12. a3 {[%emt 0:02:45]} bxa3 {[%emt 0:00:55]} 13. Rxa3 {[%emt 0:01:51]} Nh5 {[%emt 0:00:19][%cal Bf6h5,Bh5g7,Bg7e8][%mdl 32]} 14. Bxe7 {[%emt 0:01:16]} Kxe7 {[%emt 0:00:04]} 15. Qc2 {[%emt 0:02:27]} g5 {[%emt 0:06:32][%cal Bg7g5,Bg5g4][%mdl 32]} 16. Rfa1 {[%emt 0:00:55]} g4 {[%emt 0:03:25]} 17. Nh4 {[%emt 0:00:41]} Nb8 {[%emt 0:00:11] [#]} (17... Kf8 {was called for.} 18. b4 (18. Bxa6 Rxa6 19. Rxa6 Bxa6 $16) 18... Kg7) 18. Bg6 $1 {[%emt 0:04:20][%mdl 512]} Ng7 {[%emt 0:01:31] [#] White has a decisive advantage.} 19. e4 $1 {[%emt 0:01:33]} Kd8 {[%emt 0:03:14]} (19... Ke8 20. exd5) 20. exd5 {[%emt 0:01:13]} cxd5 {[%emt 0:14:27]} 21. Bd3 {[%emt 0:01:01]} Nc6 {[%emt 0:00:01]} 22. Qd2 {[%emt 0:04:16]} ({Less strong is} 22. Bxa6 Rxa6 23. Rxa6 Nb4 $16) 22... Ne8 {[%emt 0:00:14]} 23. Bxa6 {[%emt 0:01:04] Black got outplayed after the opening.   Weighted Error Value: White=0.03 (flawless) /Black=0.21 (precise) .  Mistake:       	---       	Black=2      Inaccurate:     	---       	Black=1      OK:         	White=10    	Black=5} 1-0

[Event "37th Belgrade Trophy 2024"]
[Site "Belgrade"]
[Date "2024.11.25"]
[Round "3.3"]
[White "Stanojoski, Zvonko"]
[Black "Prudnikova, Svetlana"]
[Result "*"]
[WhiteElo "2401"]
[BlackElo "2129"]
[Annotator "RC"]
[PlyCount "35"]
[EventDate "2024.11.23"]
[EventCountry "SRB"]
[SourceTitle "playchess.com"]
[Source "ChessBase"]
[SourceQuality "1"]
[TimeControl "40/5400+30:900+30"]

1. d4 {[%emt 0:00:02]} Nf6 {[%emt 0:02:32]} 2. c4 {[%emt 0:00:10]} e6 {[%emt 0:00:03]} 3. Nc3 {[%emt 0:00:39]} d5 {[%emt 0:00:43]} 4. Nf3 {[%emt 0:01:47]} c6 {[%emt 0:02:13]} 5. Bg5 {[%emt 0:01:01]} h6 {[%emt 0:00:21]} 6. Bh4 {[%emt 0:01:21]} a6 {[%emt 0:04:35]} 7. e3 {[%emt 0:01:41]} b5 {[%emt 0:00:04]} 8. c5 {[%emt 0:03:31]} Nbd7 {[%emt 0:01:18]} 9. Bd3 {[%emt 0:04:18]} Be7 {[%emt 0:00:42]} 10. O-O {[%emt 0:02:20]} b4 {[%emt 0:07:40]} 11. Ne2 {[%emt 0:01:45]} Qc7 {[%emt 0:07:41]} 12. a3 {[%emt 1:17:55]} bxa3 {[%emt 0:00:55]} 13. Rxa3 {[%emt 0:01:51]} Nh5 {[%emt 0:00:19]} 14. Bxe7 {[%emt 1:14:19]} Kxe7 {[%emt 0:00:04]} 15. Qc2 {[%emt 0:02:27]} g5 {[%emt 0:06:32]} 16. Rfa1 {[%emt 0:00:55]} g4 {[%emt 0:03:25]} 17. Nh4 {[%emt 0:00:41]} Nb8 {[%emt 0:00:11]} 18. Bg6 {[%emt 0:04:20]} *

[Event "37th Belgrade Trophy 2024"]
[Site "Belgrade"]
[Date "2024.11.25"]
[Round "3.4"]
[White "Baghdasaryan, Davit"]
[Black "Sutormin, Danila"]
[Result "1/2-1/2"]
[WhiteElo "2121"]
[BlackElo "2394"]
[Annotator "TA"]
[PlyCount "157"]
[EventDate "2024.11.23"]
[EventCountry "SRB"]
[SourceTitle "playchess.com"]
[Source "ChessBase"]
[SourceQuality "1"]
[TimeControl "40/5400+30:900+30"]

{[%evp 54,157,-123,-125,-133,-104,-82,-88,0,0,-6,0,0,0,0,0,0,0,0,-507,-64,-64,-46,-91,-82,-97,-63,-86,-82,-81,-88,-212,-88,-85,0,-212,-117,-132,-130,-131,-36,-123,-123,-136,-136,-129,-129,-129,-37,-172,-170,-180,-180,-162,-135,-194,-187,-177,-188,-187,-149,-152,-152,-188,-161,-158,-152,-152,-152,-147,-77,-147,0,-140,-140,-140,-140,-140,-156,-154,-140,-140,-133,-169,-169,-166,-140,-140,-125,-125,-38,-38,-38,-38,-38,-44,0,0,0,-44,0,-4,0,-44,0,-9]} 1. e4 {[%emt 0:00:04]} c5 {[%emt 0:01:20]} 2. Nf3 {[%emt 0:00:19]} g6 {[%emt 0:00:46]} 3. d4 {[%emt 0:01:35]} cxd4 {[%emt 0:00:13]} 4. Nxd4 {[%emt 0:01:17]} Nc6 {[%emt 0:03:36]} 5. c4 {[%emt 0:00:13]} Nf6 {[%emt 0:00:32]} 6. Nc3 {[%emt 0:00:13]} d6 {[%emt 0:00:17]} 7. Nc2 {[%emt 0:00:27]} Bg7 {[%emt 0:00:47]} 8. Be2 {[%emt 0:00:19]} O-O {[%emt 0:00:13]} 9. O-O {[%emt 0:00:05]} Be6 {[%emt 0:15:38]} 10. Bd2 {[%emt 0:02:13]} Nd7 {[%emt 0:01:33]} 11. Rb1 {[%emt 0:20:56]} Rc8 {[%emt 0:08:35]} 12. b3 {[%emt 0:04:25]} Nc5 {[%emt 0:03:22]} 13. f3 {[%emt 0:01:32]} f5 {[%emt 0:03:51]} 14. b4 {[%emt 0:12:18]} Nd7 {[%emt 0:01:36]} 15. Nd5 {[%emt 0:06:08]} fxe4 {[%emt 0:19:06]} 16. fxe4 {[%emt 0:00:27]} Rxf1+ {[%emt 0:00:44]} 17. Qxf1 {[%emt 0:07:03]} Nf6 {[%emt 0:08:06]} 18. Qf4 {[%emt 0:03:27]} Ne5 {[%emt 0:11:59]} 19. Nce3 {[%emt 0:01:08]} Kh8 {[%emt 0:04:05]} 20. h4 {[%emt 0:01:43]} Qd7 {[%emt 0:02:45]} 21. Nxf6 {[%emt 0:09:36]} Bxf6 {[%emt 0:02:34]} 22. h5 {[%emt 0:04:18]} g5 {[%emt 0:01:07]} 23. Qf1 {[%emt 0:02:24]} Qa4 {[%emt 0:00:47]} 24. Nd5 {[%emt 0:04:22]} Bxd5 {[%emt 0:01:35]} 25. exd5 {[%emt 0:00:58]} Qc2 {[%emt 0:02:41]} 26. Be3 {[%emt 0:05:11]} Qe4 {[%emt 0:01:41]} 27. Bxa7 {[%emt 0:01:52]} Ra8 {[%emt 0:00:30]} (27... Nxc4 28. Rc1 b6 (28... b5 29. Qf3 $17) 29. Qf3 $15 (29. Rxc4 $2 $19)) 28. Bf2 {[%emt 0:00:49]} Rxa2 {[%emt 0:00:37]} 29. Re1 {[%emt 0:00:32]} Qf4 {[%emt 0:01:26]} 30. c5 {[%emt 0:01:55] [#]} Nd3 {[%emt 0:00:59]} (30... Kg7 $1 $17 {Black wants to play ...g4.} 31. b5 (31. cxd6 exd6) 31... dxc5 32. Bxc5 Qe4) 31. g3 $1 $11 {[%emt 0:03:27]} (31. Bxd3 $2 Rxf2 32. Qxf2 Bd4 $19 (32... Qxb4 $2 33. Kh1 $18)) 31... Qxf2+ {[%emt 0:00:43]} 32. Qxf2 {[%emt 0:00:02]} Nxf2 {[%emt 0:00:01]} 33. Kxf2 {[%emt 0:00:01]} dxc5 {[%emt 0:00:29]} 34. bxc5 {[%emt 0:00:10]} Bd4+ {[%emt 0:00:14]} 35. Kf3 {[%emt 0:01:00]} Bxc5 {[%emt 0:00:24]} 36. Rb1 $2 {[%emt 0:02:34][%mdl 8192]} (36. h6 $11) 36... b6 $2 {[%emt 0:00:19]} (36... g4+ $1 $19 37. Kxg4 Rxe2 38. Rxb7 Kg7) 37. Bb5 $15 {[%emt 0:01:21]} Rd2 {[%emt 0:01:19]} 38. Ke4 {[%emt 0:02:28]} Kg7 {[%emt 0:00:36]} 39. Rb3 {[%emt 0:00:21]} g4 {[%emt 0:01:33]} 40. Bd7 {[%emt 0:00:00]} Rd4+ {[%emt 0:00:00]} 41. Ke5 {[%emt 0:01:48]} Kh6 {[%emt 0:02:43]} 42. Rb1 {[%emt 0:02:00]} (42. d6 $17 exd6+ (42... Bxd6+ $2 43. Kxd4 Kxh5 44. Kd5 $18) 43. Kf6) 42... Rc4 {[%emt 0:05:44]} (42... Kxh5 43. Rh1+ Kg6 44. Bf5+ Kg5 45. Rxh7 $11) (42... Kg5 $1 $19 {[%cal Od4d3]} 43. Rf1 Rb4 (43... Kxh5 44. Rh1+ Kg6 45. Bf5+ Kg5 46. Rxh7 $11) 44. Rf5+ Kh6) 43. Kf5 $17 {[%emt 0:01:04] [#]} Rd4 {[%emt 0:03:33]} (43... Kxh5 44. Rh1#) (43... Bf2 $1 $17 {[%cal Rf2g3]} 44. Rb3 Kxh5) 44. Ke5 $19 {[%emt 0:03:33]} Rd3 {[%emt 0:03:09]} (44... Kxh5 45. Rh1+ Kg6 46. Bf5+ Kg7 47. Rxh7+ Kf8 48. Rh8+ Kf7 49. Rh7+ Kg8 50. Rh4 $15) (44... Kg5 $1 $19 {[%cal Od4d3]} 45. Rf1 Rd3 (45... Kxh5 46. Rh1+ Kg6 47. Bf5+ Kg7 48. Rxh7+ Kg8 49. Rh4 $11) 46. Rf5+ Kh6) 45. Bxg4 {[%emt 0:00:34]} Kg5 {[%emt 0:01:07]} 46. Bf5 {[%emt 0:01:41]} Re3+ {[%emt 0:00:29]} (46... Rxg3 47. Bxh7 Kxh5 48. Ke4 $15) 47. Be4 {[%emt 0:00:06]} h6 $1 {[%emt 0:00:15]} (47... Kxh5 48. Kf4 Rxe4+ (48... Kh6 49. Rh1+ Kg7 50. Rxh7+ Kf8 51. d6 $11) 49. Kxe4 $16) ({Don't do} 47... Rxg3 48. Bxh7 Kxh5 49. Bf5 $15) 48. Rf1 {[%emt 0:04:32]} Rxg3 {[%emt 0:02:19]} 49. Bf3 {[%emt 0:02:11]} b5 {[%emt 0:00:28]} 50. Ke4 {[%emt 0:00:15] [#]} b4 {[%emt 0:00:20]} (50... Rh3 $1 $17 {Threatens to win with ...b4.} 51. Rc1 Rh4+ 52. Kd3 Rd4+ 53. Kc2 Kf4) 51. Rb1 {[%emt 0:02:37]} (51. Rc1 $15 Bd6 52. Rf1) 51... Rh3 $19 {[%emt 0:00:42]} 52. Rb3 {[%emt 0:01:17]} Rh4+ {[%emt 0:00:12]} 53. Kd3 {[%emt 0:00:08]} Kf4 {[%emt 0:00:25]} 54. Bd1 {[%emt 0:00:56]} (54. Kc4 $17 Bd6 55. Rd3) 54... Bd6 {[%emt 0:00:44]} 55. Be2 {[%emt 0:00:34]} Ke5 {[%emt 0:00:22]} 56. Bf3 {[%emt 0:00:21]} Rh3 {[%emt 0:00:18]} 57. Kc4 {[%emt 0:00:26]} Rh2 {[%emt 0:00:45]} 58. Kd3 {[%emt 0:00:41]} Rf2 {[%emt 0:00:15]} 59. Kc4 {[%emt 0:00:22]} Kf4 {[%emt 0:00:49]} 60. Bd1 {[%emt 0:00:26]} Ke4 {[%emt 0:00:31]} 61. Rd3 {[%emt 0:00:41]} Be5 {[%emt 0:00:56]} (61... Rf8 $142 {( -> ...Rc8+)} 62. Bg4 e5) 62. Bb3 {[%emt 0:00:25]} (62. Rh3 $142) 62... Bd6 {[%emt 0:01:07]} 63. Bd1 $1 {[%emt 0:00:07]} Rf8 {[%emt 0:00:05]} 64. Rd4+ {[%emt 0:01:00]} Ke5 {[%emt 0:00:13]} 65. Rd3 {[%emt 0:00:30]} Rc8+ {[%emt 0:00:16]} 66. Kb3 {[%emt 0:00:07]} Kf4 {[%emt 0:00:23]} 67. Bc2 {[%emt 0:00:26]} Ra8 {[%emt 0:00:27]} 68. Rd4+ {[%emt 0:00:49]} Ke5 {[%emt 0:00:50]} 69. Rd3 {[%emt 0:00:33]} Ra1 {[%emt 0:00:21]} 70. Kc4 {[%emt 0:00:35]} Rc1 {[%emt 0:00:47]} 71. Kb3 {[%emt 0:00:25]} Kf4 {[%emt 0:00:33]} (71... Rg1 $17 72. Bd1 Rg2) 72. Rd1 $15 {[%emt 0:00:24]} Rxd1 {[%emt 0:00:08]} 73. Bxd1 {[%emt 0:00:01]} Ke3 {[%emt 0:00:06]} 74. Bg4 {[%emt 0:00:17]} Kf4 {[%emt 0:00:12]} 75. Be6 {[%emt 0:00:05]} Ke3 {[%emt 0:00:03]} 76. Bf7 {[%emt 0:00:03]} Kf4 {[%emt 0:00:04]} 77. Be6 {[%emt 0:00:03]} Ke3 {[%emt 0:00:04]} (77... Kg5 $5 78. Bf7 $8 Kg4 $11) 78. Bf7 {[%emt 0:00:03]} Kf4 {[%emt 0:00:03]} 79. Be6 {[%emt 0:00:04]} 1/2-1/2

[Event "37th Belgrade Trophy 2024"]
[Site "Belgrade"]
[Date "2024.11.25"]
[Round "3.5"]
[White "Xie, Jianjun"]
[Black "Karisik, Nenad"]
[Result "1-0"]
[WhiteElo "2361"]
[BlackElo "2119"]
[Annotator "TA"]
[PlyCount "61"]
[EventDate "2024.11.23"]
[EventCountry "SRB"]
[SourceTitle "playchess.com"]
[Source "ChessBase"]
[SourceQuality "1"]
[TimeControl "40/5400+30:900+30"]

{[%evp 20,61,54,72,69,63,83,79,83,77,85,87,90,108,112,94,119,129,141,146,241,245,231,124,186,160,453,404,416,256,361,264,456,444,504,608,560,540,682,661,712,687,687,672]} 1. e4 {[%emt 0:00:20]} e5 {[%emt 0:00:05]} 2. Nf3 {[%emt 0:00:10]} Nc6 {[%emt 0:00:04]} 3. Bb5 {[%emt 0:00:39]} a6 {[%emt 0:00:22]} 4. Ba4 {[%emt 0:00:07]} Nf6 {[%emt 0:00:16]} 5. d4 {[%emt 0:01:32]} exd4 {[%emt 0:02:56]} 6. O-O {[%emt 0:00:13]} Be7 {[%emt 0:01:04]} 7. Re1 {[%emt 0:00:13]} O-O {[%emt 0:02:45]} 8. e5 {[%emt 0:00:09]} Ne8 {[%emt 0:02:30]} 9. c3 {[%emt 0:00:30]} b5 {[%emt 0:06:10]} 10. Bb3 {[%emt 0:15:33][%cal Ba4b3,Bb3d5,Bd5c6][%mdl 32]} d5 {[%emt 0:03:05]} 11. cxd4 {[%emt 0:01:57]} Bg4 {[%emt 0:04:31]} 12. Nc3 {[%emt 0:00:43]} Bxf3 {[%emt 0:02:30]} 13. gxf3 {[%emt 0:14:31]} Bb4 {[%emt 0:03:25] White is better.} 14. Bxd5 {[%emt 0:10:33]} Bxc3 {[%emt 0:02:18]} 15. Bxc6 {[%emt 0:00:02]} Bxe1 {[%emt 0:00:33]} 16. Qxe1 {[%emt 0:00:10]} Rb8 {[%emt 0:03:50] Black is weak on the dark squares} 17. Qe4 {[%emt 0:10:37][%mdl 1024] White has strong compensation.} Rb6 {[%emt 0:04:34][%cal Ob6c6]} 18. Bd2 {[%emt 0:12:07]} b4 {[%emt 0:01:42][%cal Ob6c6]} 19. Rc1 {[%emt 0:00:35] White is much more active. The black rooks are passive.} g6 {[%emt 0:02:37]} (19... f6 $16) 20. d5 $18 {[%emt 0:01:08][%cal Bd4d5,Bd5d6][%mdl 32]} Ng7 {[%emt 0:08:48] [#]} 21. Kh1 {[%emt 0:01:14]} (21. Bxb4 $2 Qg5+ 22. Qg4 Qxc1+ $19) (21. h4 $1 $18) 21... Qe7 {[%emt 0:09:22]} (21... Nf5 $16 22. Rc4 (22. Bxb4 Ne7 $18) 22... a5) 22. Be3 {[%emt 0:02:05] And now d6 would win. This pair of bishops is nice.} f5 $2 {[%emt 0:00:42]} (22... Rbb8 $16 {is a better defense.} 23. h3 b3) 23. d6 {[%emt 0:07:00]} Qf7 {[%emt 0:06:54]} 24. Qc4 {[%emt 0:01:42]} Rxc6 {[%emt 0:01:59]} (24... Qxc4 $142 25. Rxc4 Rxc6 26. Rxc6 cxd6 27. exd6 (27. Rxa6 dxe5 28. Bc5 Rb8 $14) 27... Rd8) 25. Qxf7+ {[%emt 0:01:01]} Kxf7 $2 {[%emt 0:01:39] [#]} (25... Rxf7 {was called for.} 26. Rxc6 cxd6 27. exd6 (27. Rxa6 dxe5 28. Ra8+ Rf8 $18) 27... Rd7 28. Rxa6 Kf7) 26. Rxc6 {[%emt 0:00:06] KRB-KRN. White is clearly winning.} Ne6 {[%emt 0:00:36]} 27. dxc7 {[%emt 0:01:49]} Rc8 {[%emt 0:00:06]} 28. Bb6 {[%emt 0:00:04]} Ke7 {[%emt 0:00:27]} 29. Ba5 {[%emt 0:00:23][%csl LRa6,LRb4]} Kd7 {[%emt 0:00:24]} 30. Rd6+ {[%emt 0:00:15]} Ke7 {[%emt 0:00:06]} 31. Rxa6 {[%emt 0:01:53] Weighted Error Value: White=0.33/Black=0.70.  Loses game:     	---       	Black=1      Mistake:       	White=1     	Black=4      Inaccurate:     	White=1     	---        OK:         	White=9     	Black=5      Best:        	White=2     	Black=1} 1-0

[Event "37th Belgrade Trophy 2024"]
[Site "Belgrade"]
[Date "2024.11.25"]
[Round "3.6"]
[White "Jandric, Damjan"]
[Black "Ivanovic, Marko"]
[Result "1/2-1/2"]
[WhiteElo "2110"]
[BlackElo "2297"]
[Annotator "RC"]
[PlyCount "106"]
[EventDate "2024.11.23"]
[EventCountry "SRB"]
[SourceTitle "playchess.com"]
[Source "ChessBase"]
[SourceQuality "1"]
[TimeControl "40/5400+30:900+30"]

1. e4 {[%emt 0:00:05]} c6 {[%emt 0:15:13]} 2. Nf3 {[%emt 0:00:08]} d5 {[%emt 0:01:10]} 3. Nc3 {[%emt 0:00:12]} Bg4 {[%emt 0:00:22]} 4. h3 {[%emt 0:00:05]} Bxf3 {[%emt 0:00:07]} 5. Qxf3 {[%emt 0:00:02]} e6 {[%emt 0:00:33]} 6. g3 {[%emt 0:00:12]} Nf6 {[%emt 0:00:42]} 7. Bg2 {[%emt 0:00:33]} d4 {[%emt 0:02:19]} 8. Ne2 {[%emt 0:00:44]} c5 {[%emt 0:00:21]} 9. e5 {[%emt 0:16:29]} Nd5 {[%emt 0:05:57]} 10. c4 {[%emt 0:04:04]} Nb6 {[%emt 0:03:46]} 11. d3 {[%emt 0:01:09]} Nc6 {[%emt 0:00:09]} 12. Qe4 {[%emt 0:00:37]} Be7 {[%emt 0:05:35]} 13. O-O {[%emt 0:00:21]} Nd7 {[%emt 0:15:25]} 14. f4 {[%emt 0:00:26]} Qa5 {[%emt 0:00:07]} 15. Rd1 {[%emt 0:02:35]} O-O-O {[%emt 0:05:14]} 16. Bd2 {[%emt 0:00:19]} Qc7 {[%emt 0:00:02]} 17. a3 {[%emt 0:02:15]} g5 {[%emt 0:01:58]} 18. b4 {[%emt 0:01:34]} gxf4 {[%emt 0:00:04]} 19. gxf4 {[%emt 0:00:18]} Rdg8 {[%emt 0:00:52]} 20. Kh2 {[%emt 0:03:28]} Rg6 {[%emt 0:00:40]} 21. b5 {[%emt 0:01:01]} Nd8 {[%emt 0:00:09]} 22. a4 {[%emt 0:06:02]} Rhg8 {[%emt 0:05:04]} 23. Rg1 {[%emt 0:05:11]} f6 {[%emt 0:00:27]} 24. exf6 {[%emt 0:04:33]} Nxf6 {[%emt 0:00:30]} 25. Qf3 {[%emt 0:00:10]} Bd6 {[%emt 0:00:49]} 26. a5 {[%emt 0:10:08]} Qf7 {[%emt 0:02:06]} 27. a6 {[%emt 0:03:26]} b6 {[%emt 0:00:18]} 28. Kh1 {[%emt 0:02:04]} Ne8 {[%emt 0:05:52]} 29. Be1 {[%emt 0:05:44]} Ng7 {[%emt 0:00:38]} 30. Bh4 {[%emt 0:01:26]} Qc7 {[%emt 0:06:38]} 31. Qa8+ {[%emt 0:07:07]} Qb8 {[%emt 0:00:44]} 32. Qe4 {[%emt 0:11:34]} Nf5 {[%emt 0:00:12]} 33. Bxd8 {[%emt 0:00:28]} Kxd8 {[%emt 0:00:05]} 34. Bf3 {[%emt 0:00:33]} Ke7 {[%emt 0:01:50]} 35. Bg4 {[%emt 0:03:31]} Ne3 {[%emt 0:02:22]} 36. Bh5 {[%emt 0:01:08]} Rh6 {[%emt 0:03:35]} 37. Rxg8 {[%emt 0:01:33]} Qxg8 {[%emt 0:00:06]} 38. Rg1 {[%emt 0:00:14]} Qf8 {[%emt 0:02:43]} 39. Rg5 {[%emt 0:00:13]} Nf5 {[%emt 0:07:06]} 40. Kg2 {[%emt 0:00:00]} Bc7 {[%emt 0:00:00]} 41. Qc6 {[%emt 0:09:03]} Bd6 {[%emt 0:09:58]} 42. Kf2 {[%emt 0:02:28]} Qb8 {[%emt 0:06:39]} 43. Qe4 {[%emt 0:00:53]} Rf6 {[%emt 0:00:04]} 44. Bg4 {[%emt 0:01:28]} Nh6 {[%emt 0:01:29]} 45. Rg7+ {[%emt 0:01:23]} Nf7 {[%emt 0:00:19]} 46. f5 {[%emt 0:04:24]} h5 {[%emt 0:01:28]} 47. Bxh5 {[%emt 0:00:50]} Rxf5+ {[%emt 0:00:01]} 48. Bf3 {[%emt 0:00:14]} Be5 {[%emt 0:04:12]} 49. Rh7 {[%emt 0:01:35]} Qg8 {[%emt 0:01:01]} 50. Rh5 {[%emt 0:04:31]} Ng5 {[%emt 0:00:05]} 51. Qb7+ {[%emt 0:00:48]} Kd6 {[%emt 0:03:03]} 52. Qc6+ {[%emt 0:00:28]} Ke7 {[%emt 0:00:01]} 53. Qb7+ {[%emt 0:00:26]} Kf8 {[%emt 0:01:50]} 1/2-1/2

[Event "37th Belgrade Trophy 2024"]
[Site "Belgrade"]
[Date "2024.11.25"]
[Round "3.8"]
[White "Ughuzov, Ravan"]
[Black "Petrovic, Aleksa"]
[Result "1-0"]
[WhiteElo "2047"]
[BlackElo "2262"]
[Annotator "RC"]
[PlyCount "83"]
[EventDate "2024.11.23"]
[EventCountry "SRB"]
[SourceTitle "playchess.com"]
[Source "ChessBase"]
[SourceQuality "1"]
[TimeControl "40/5400+30:900+30"]

1. e4 {[%emt 0:00:04]} e5 {[%emt 0:00:18]} 2. Nf3 {[%emt 0:00:12]} d6 {[%emt 0:00:07]} 3. Nc3 {[%emt 0:01:42]} Nf6 {[%emt 0:01:30]} 4. d4 {[%emt 0:00:10]} exd4 {[%emt 0:00:23]} 5. Nxd4 {[%emt 0:00:24]} Be7 {[%emt 0:00:06]} 6. Be2 {[%emt 0:02:03]} O-O {[%emt 0:00:07]} 7. O-O {[%emt 0:00:07]} Re8 {[%emt 0:00:26]} 8. f4 {[%emt 0:01:48]} c5 {[%emt 0:12:31]} 9. Nb3 {[%emt 0:11:37]} Nc6 {[%emt 0:02:49]} 10. Be3 {[%emt 0:06:42]} Be6 {[%emt 0:07:14]} 11. Bf3 {[%emt 0:06:58]} Qd7 {[%emt 0:02:40]} 12. h3 {[%emt 0:01:57]} Bc4 {[%emt 0:06:54]} 13. Re1 {[%emt 0:01:15]} h6 {[%emt 0:04:38]} 14. Nd2 {[%emt 0:14:29]} Ba6 {[%emt 0:00:48]} 15. Nf1 {[%emt 0:00:33]} Bd8 {[%emt 0:04:02]} 16. Ng3 {[%emt 0:09:08]} Nd4 {[%emt 0:03:22]} 17. Bxd4 {[%emt 0:05:27]} cxd4 {[%emt 0:00:06]} 18. Nce2 {[%emt 0:00:13]} Ba5 {[%emt 0:02:16]} 19. Nxd4 {[%emt 0:05:17]} Bxe1 {[%emt 0:01:04]} 20. Qxe1 {[%emt 0:00:01]} g6 {[%emt 0:10:00]} 21. Qd2 {[%emt 0:02:12]} Qe7 {[%emt 0:03:11]} 22. Re1 {[%emt 0:01:19]} Rad8 {[%emt 0:02:08]} 23. Qf2 {[%emt 0:02:59]} Nh7 {[%emt 0:02:11]} 24. Qd2 {[%emt 0:04:56]} Qf6 {[%emt 0:02:32]} 25. Nh1 {[%emt 0:05:49]} Nf8 {[%emt 0:01:59]} 26. Nf2 {[%emt 0:00:30]} Ne6 {[%emt 0:09:02]} 27. Nxe6 {[%emt 0:00:04]} Rxe6 {[%emt 0:00:07]} 28. Ng4 {[%emt 0:01:52]} Qh4 {[%emt 0:00:21]} 29. Kh2 {[%emt 0:00:44]} h5 {[%emt 0:01:37]} 30. g3 {[%emt 0:00:56]} Qe7 {[%emt 0:00:15]} 31. Ne3 {[%emt 0:00:22]} Qf6 {[%emt 0:06:44]} 32. c3 {[%emt 0:00:26]} Qg7 {[%emt 0:04:26]} 33. g4 {[%emt 0:05:15]} hxg4 {[%emt 0:00:19]} 34. hxg4 {[%emt 0:00:04]} Qh6+ {[%emt 0:05:08]} 35. Kg3 {[%emt 0:00:09]} g5 {[%emt 0:00:04]} 36. Nf5 {[%emt 0:01:29]} gxf4+ {[%emt 0:00:09]} 37. Kg2 {[%emt 0:00:04]} Qg5 {[%emt 0:00:29]} 38. Rh1 {[%emt 0:00:26]} d5 {[%emt 0:04:09]} 39. Rh5 {[%emt 0:01:34]} Qf6 {[%emt 0:00:06]} 40. exd5 {[%emt 0:00:00]} Ree8 {[%emt 0:00:00]} 41. Qxf4 {[%emt 0:00:59]} Kf8 {[%emt 0:04:09]} 42. Rh6 {[%emt 0:00:26]} 1-0

[Event "37th Belgrade Trophy 2024"]
[Site "Belgrade"]
[Date "2024.11.25"]
[Round "3.9"]
[White "Martic, Ivan"]
[Black "Dorokhina, Elizaveta"]
[Result "1-0"]
[WhiteElo "2261"]
[BlackElo "2064"]
[Annotator "RC"]
[PlyCount "101"]
[EventDate "2024.11.23"]
[EventCountry "SRB"]
[SourceTitle "playchess.com"]
[Source "ChessBase"]
[SourceQuality "1"]
[TimeControl "40/5400+30:900+30"]

1. e4 {[%emt 0:12:13]} e5 {[%emt 0:00:09]} 2. Nf3 {[%emt 0:00:05]} Nc6 {[%emt 0:00:07]} 3. Nc3 {[%emt 0:00:08]} Nf6 {[%emt 0:00:44]} 4. Bb5 {[%emt 0:00:21]} d6 {[%emt 0:02:00]} 5. d4 {[%emt 0:00:13]} exd4 {[%emt 0:01:38]} 6. Nxd4 {[%emt 0:00:12]} Bd7 {[%emt 0:00:19]} 7. O-O {[%emt 0:01:09]} Nxd4 {[%emt 0:03:05]} 8. Bxd7+ {[%emt 0:00:18]} Qxd7 {[%emt 0:00:49]} 9. Qxd4 {[%emt 0:00:07]} Be7 {[%emt 0:00:07]} 10. Rd1 {[%emt 0:01:19]} O-O {[%emt 0:03:51]} 11. e5 {[%emt 0:01:23]} Ne8 {[%emt 0:01:04]} 12. Bf4 {[%emt 0:01:14]} Qe6 {[%emt 0:14:37]} 13. Re1 {[%emt 0:12:21]} dxe5 {[%emt 0:04:31]} 14. Bxe5 {[%emt 0:01:48]} Bf6 {[%emt 0:01:35]} 15. Nd5 {[%emt 0:05:16]} Bxe5 {[%emt 0:04:42]} 16. Rxe5 {[%emt 0:00:10]} Qd6 {[%emt 0:00:17]} 17. Rd1 {[%emt 0:02:26]} Kh8 {[%emt 0:04:35]} 18. Rd3 {[%emt 0:12:31]} Nf6 {[%emt 0:13:09]} 19. Nxf6 {[%emt 0:12:51]} Qxf6 {[%emt 0:01:53]} 20. Qe4 {[%emt 0:06:29]} Rad8 {[%emt 0:05:42]} 21. Rxd8 {[%emt 0:00:39]} Qxd8 {[%emt 0:00:15]} 22. g3 {[%emt 0:01:08]} b6 {[%emt 0:17:20]} 23. Qc6 {[%emt 0:04:58]} Kg8 {[%emt 0:01:02]} 24. Rd5 {[%emt 0:04:45]} Qa8 {[%emt 0:00:54]} 25. Qxa8 {[%emt 0:04:38]} Rxa8 {[%emt 0:00:07]} 26. Rd7 {[%emt 0:00:07]} Rc8 {[%emt 0:00:09]} 27. Kg2 {[%emt 0:02:42]} Kf8 {[%emt 0:00:08]} 28. Kf3 {[%emt 0:00:08]} Ke8 {[%emt 0:00:07]} 29. Rd3 {[%emt 0:00:06]} Ke7 {[%emt 0:03:00]} 30. h4 {[%emt 0:00:35]} h5 {[%emt 0:03:17]} 31. Kf4 {[%emt 0:00:23]} Kf6 {[%emt 0:00:19]} 32. Rc3 {[%emt 0:02:29]} c5 {[%emt 0:02:38]} 33. Rd3 {[%emt 0:01:07]} Rc6 {[%emt 0:02:22]} 34. Rd7 {[%emt 0:03:23]} a6 {[%emt 0:00:22]} 35. Ke3 {[%emt 0:00:20]} b5 {[%emt 0:01:43]} 36. b3 {[%emt 0:01:21]} Re6+ {[%emt 0:01:07]} 37. Kd3 {[%emt 0:00:23]} Re7 {[%emt 0:00:57]} 38. Rxe7 {[%emt 0:01:46]} Kxe7 {[%emt 0:00:05]} 39. Ke4 {[%emt 0:00:28]} Ke6 {[%emt 0:00:06]} 40. c3 {[%emt 0:00:00]} a5 {[%emt 0:00:00]} 41. c4 {[%emt 0:04:37]} f5+ {[%emt 0:15:40]} 42. Kf4 {[%emt 0:00:14]} bxc4 {[%emt 0:00:07]} 43. bxc4 {[%emt 0:00:07]} Kf6 {[%emt 0:00:17]} 44. a4 {[%emt 0:04:01]} g6 {[%emt 0:00:09]} 45. f3 {[%emt 0:00:54]} Ke6 {[%emt 0:00:20]} 46. Kg5 {[%emt 0:01:06]} Kf7 {[%emt 0:05:52]} 47. Kh6 {[%emt 0:01:06]} f4 {[%emt 0:01:14]} 48. gxf4 {[%emt 0:00:08]} Kf6 {[%emt 0:00:03]} 49. Kh7 {[%emt 0:00:10]} Kf7 {[%emt 0:00:58]} 50. f5 {[%emt 0:00:19]} gxf5 {[%emt 0:02:15]} 51. f4 {[%emt 0:00:16]} 1-0